Online
Catalog

El Padre Guillermo Soto (1943-1994) / : (Record no. 13426)

MARC details
000 -CABECERA
campo de control de longitud fija 00883nam a2200229 a 4500
001 - NÚMERO DE CONTROL
campo de control 000013814
005 - FECHA Y HORA DE LA ÚLTIMA TRANSACCIÓN
campo de control 20240520190011.0
008 - DATOS DE LONGITUD FIJA--INFORMACIÓN GENERAL
campo de control de longitud fija 091130s1994 dr 001 0 spa d
040 ## - FUENTE DE LA CATALOGACIÓN
Centro catalogador/agencia de origen DO-SdBNP
Lengua de catalogación spa
Centro/agencia transcriptor BNPHU
082 ## - NÚMERO DE LA CLASIFICACIÓN DECIMAL DEWEY
Número de clasificación 291.092
Número de documento/Ítem S718b
245 03 - MENCIÓN DE TÍTULO
Título El Padre Guillermo Soto (1943-1994) / :
Resto del título editor Rafael Bello Peguero ; presentación José Chez Checo.
260 ## - PUBLICACIÓN, DISTRIBUCIÓN, ETC.
Lugar de publicación, distribución, etc. Santo Domingo :
Nombre del editor, distribuidor, etc. Amigo del Hogar,
Fecha de publicación, distribución, etc. 1994.
300 ## - DESCRIPCIÓN FÍSICA
Extensión 69 p. ;
Dimensiones 21 cm.
504 ## - NOTA DE BIBLIOGRAFÍA, ETC.
Nota de bibliografía, etc. Incluye bibliografía y notas al pie de páginas.
590 ## - NOTA LOCAL (RLIN)
Nota local Inventariado, 2018/VM
600 14 - PUNTO DE ACCESO ADICIONAL DE MATERIA--NOMBRE DE PERSONA
Nombre de persona SOTO MONTERO, EXFRAN GUILLERMO,
Títulos y otros términos asociados al nombre PADRE,
Fechas asociadas al nombre 1943-1994
9 (RLIN) 31307
650 #0 - PUNTO DE ACCESO ADICIONAL DE MATERIA--TÉRMINO DE MATERIA
Término de materia o nombre geográfico como elemento de entrada Clero
9 (RLIN) 19068
650 #4 - PUNTO DE ACCESO ADICIONAL DE MATERIA--TÉRMINO DE MATERIA
Término de materia o nombre geográfico como elemento de entrada Iglesia católica
Subdivisión geográfica República Dominicana
Subdivisión general Historia
9 (RLIN) 358
700 1# - PUNTO DE ACCESO ADICIONAL--NOMBRE DE PERSONA
Nombre de persona Bello Peguero, Rafael,
Fechas asociadas al nombre 1932-2022
Término indicativo de función/relación ed.
9 (RLIN) 2405
700 1# - PUNTO DE ACCESO ADICIONAL--NOMBRE DE PERSONA
Nombre de persona Chez Checo, José,
Fechas asociadas al nombre 1949-
Término indicativo de función/relación present.
9 (RLIN) 10145
910 ## - DATOS DE OPCIÓN DEL USUARIO (OCLC)
Datos de opción del usuario Validado. Control de calidad EMS
Holdings
Estado de retiro Estado de pérdida No para préstamo Código de colección Localización permanente Ubicación/localización actual Ubicación en estantería Fecha de adquisición Número de inventario Total de préstamos Signatura topográfica completa Código de barras Fecha visto por última vez Precio válido a partir de Tipo de ítem Koha Número de copia
    Excluido de préstamo Patrimonio Dominicano Patrimonio Dominicano Patrimonio Dominicano Depósito 30.11.2009 LF1   291.092 S718b 13814-10 25.06.2020 25.06.2020 Libro y Folleto Colección Patrimonio Dominicano  
    Excluido de préstamo Patrimonio Dominicano Patrimonio Dominicano Patrimonio Dominicano Depósito 25.11.2010 LF1   291.092 S718b 13814-20 25.06.2020 25.06.2020 Libro y Folleto Colección Patrimonio Dominicano e. 2

Powered by Koha